| 000 | 00639nam a2200193 4500 | ||
|---|---|---|---|
| 008 | 160909b xxu||||| |||| 00| 0 eng d | ||
| 020 | _a0782141145 | ||
| 082 |
_22002 _aDC 005.3684 _bM66m |
||
| 100 |
_914276 _aMinasi, Mark |
||
| 245 |
_aMastering Windows 2000 professional/ _cMark Minasi. |
||
| 250 | _a2nd edition | ||
| 260 |
_aSan Francisco, CA: _bSybex, _cc2002. |
||
| 300 |
_axxxii, 971 pages: _billustrations (some color); _c23 cm |
||
| 500 | _aIncludes appendicesand index. | ||
| 650 | 0 |
_914278 _aMicrosoft Windows (Computer file) |
|
| 650 | 0 |
_914279 _aOperating systems (Computers) |
|
| 365 |
_aPhp _b1295.00 |
||
| 942 |
_2ddc _cDC |
||
| 999 |
_c4419 _d4419 |
||